Представление документа в формате MARC21

Поле Инд. ПП Название Значение
Тип записи a
Библиографический уровень b
001 Контрольный номер RU/IS/BASE/264554049
005 Дата корректировки 20200601191524.6
008 Кодируемые данные 19970618
084 a Индекс другой классификации/Индекс ББК 83.3(2=411.2)52
097 00 a 700
100 10 a Автор Конусевич Е. Н.
q Полное имя Конусевич Екатерина Николаевна
245 00 a Заглавие В те дни в Спасском...
600 14 a Персоналии Конусевич Екатерина Николаевна
a Персоналии Тургенев Иван Сергеевич
650 04 a Основная рубрика история литературы
a Основная рубрика литературоведение
a Основная рубрика филологические науки
653 00 a Ключевые слова XIX век
a Ключевые слова Россия
a Ключевые слова русская литература
a Ключевые слова Спасское-Лутовиново
a Ключевые слова усадьбы
773 00 t Заглавие источника Памятники Отечества
d Дата издания источника 1995
g Прочая информация № 34 (3 - 4). - С. 144 - 147 : ил.
w Контрольный № источника RU/IS/BASE/142436424
901 t Тип документа b